Statistiques concernant Sword Art Online - Quiz suprême (anime) arc I

Cliquez ici pour prendre le quiz!

Statistiques générales

  • Ce quiz a été pris 611 fois
  • Le résultat moyen est 27 sur 135

Statistiques - réponses

QuestionRéponse% Correct
2Dans quel jeu vidéo les joueurs sont-ils bloqués ?Sword Art Online
96%
5Quel est le pseudonyme du personnage principal ?Kirito
89%
8Quel type d'armes le personnage principal utilise-t-il ?Epée
85%
1En quel année se déroule l'histoire ?2022
84%
17De quel couleur est la toge du Maître de jeu ?Rouge
73%
22Comment passer d'un étage au suivant ?Vaincre le Boss
73%
28Quel est le pseudonyme de la joueuse avec qui le personnage principal fait équipe afin d'affronter le premier boss ?Asuna
72%
4Que doivent dire les joueurs afin de lancer la réalité virtuelle ?Link Start !
69%
13Quelle fonctionnalité a été volontairement déprogrammée ?La déconnexion
66%
7Quel est le pseudonyme du joueur roux que rencontre le personnage principal dans le premier épisode ?Klein
63%
12Combien de bêta-testeurs ont pu essayer le jeu ?1 000
61%
11Combien de joueurs ont pu acheter le jeu ?10 000
61%
36Quelle compétence d'équipe consiste à changer de joueur combattant en plein milieu d'un combat ?Switch
59%
21De combien d'étages ce lieu est-il composé ?99
55%
25Quel objet, offert par le Maître de jeu, modifie l'avatar des joueurs pour les rendre identiques aux joueurs réels ?Miroir à main
54%
20Quel est le nom du lieu (pas du jeu vidéo) dans lequel sont bloqués les joueurs ?Aincrad
53%
39Quel surnom est donné au joueur après sa victoire sur le premier boss ?Beater
52%
18Quel est le nom du développeur du jeu vidéo ?Kayaba
49%
16Comment s'appelle le casque de réalité virtuelle ?NerveGear
46%
29Quel type d'armes cette joueuse utilise-t-elle ?Rapière
46%
31Quel joueur, noir de peau, prend la défense des bêta-testeurs durant ladite réunion ?Agil
44%
63De quelle couleur est le curseur d'un PK (Player Killer = Assassin) ?Rouge
44%
57De quelle couleur est le dragon qui l'accompagne ?Bleue
43%
34Qu'ajoute le joueur sur son pain pour le rendre meilleur ?De la Crème
43%
32Quel type d'armes le personnage de la question précédente utilise-t-il ?Hache
43%
62De quelle couleur est le curseur d'un joueur ayant commis un crime autre qu'un meurtre ?Orange
43%
61De quelle couleur est le curseur (au-dessus de la tête) d'un joueur lambda ?Verte
43%
19Quel est le prénom du développeur du jeu vidéo ?Akihiko
41%
37Combien de sbires protègent le boss du premier paliers ?Trois
40%
49Quel object a attiré l'attention des membres de la guilde de la question 40 pour les faire tomber dans un piège ?Coffre au trésor
38%
26Combien de joueurs sont morts après un mois de jeu ?2 000
37%
41Lorsque l'un des membres de la guilde de la question précédente lui demande son niveau, le joueur répond, en mentant, qu'il est au niveau 20. A quel niveau est-il réellement ?Niveau 40
35%
6Comment s'appelle la ville dans laquelle apparaissent les joueurs lors de leurs premières connexions ?La Ville de Départ
32%
68Par quel surnom, obtenu à cause de sa tenue, le joueur est-il désigné à partir de l'épisode 4 ?Epéiste Noir
28%
14Pour quelle heure le joueur roux a-t-il commandé sa pizza ?17h30
27%
56Comment s'appelle la petite dresseuse de dragons que le joueur rencontre au palier 35 ?Silica
27%
87De quelle couleur sont les cheveux de la joueuse forgeron ?Rose
26%
74Quel surnom la joueuse des questions précédentes a-t-elle obtenu ?Asuna L'Eclair
24%
3Dans la vidéo promotionnelle (incluse dans l'épisode 1), quel joueur (son pseudonyme) figure sur la photo de l'article de journal ?Klein
24%
64Quel item permet de se téléporter directement en ville ?Cristal de Téléportation
23%
73Qu'offre la joueuse au héro en remerciement de l'avoir surveillée pendant qu'elle dormait ?Un repas
23%
54Quel type d'armes l'ami roux du joueur utilise-t-il ?Katana
22%
45A quel palier le joueur s'entraîne-t-il pour la première fois avec sa nouvelle guilde ?palier 20
22%
58Comment s'appelle ce dragon ?Pina
21%
44Comment s'appelle la joueuse de la guilde de la question 40 ?Sachi
21%
48A quel palier la guilde de la question 40 se fait-elle massacrer ?Palier 27
20%
9Quelle monnaie (virtuel) est utilisée dans le jeu ?Col
19%
23Qu'envoient les casques de réalité virtuelle aux cerveaux afin de les faire griller ?Micro-ondes
19%
47A quel palier le joueur rencontre-t-il pour la seconde fois son ami roux ?Palier 28
19%
69Combien de points de vie le joueur a-t-il perdu suite à l'attaques des hommes de main de la joueuse de la question 66 ?0
18%
88Quel est le pseudonyme de la joueuse forgeron ?Lizbeth
18%
71Au début de l'épisode 5, un conseil stratégique, dirigé par la joueuse principale (question 28), a lieu. Durant ce conseil, il est question de vaincre un ennemi. Qui sont censés servir d'appâts ?Les PNJ
17%
60Quel est le délai maximal pour réssuciter un esprit familier ?3 jours
16%
132Quel est le prénom de la femme du personnage principal ?Asuna
16%
27Quel est le pseudonyme du joueur aux cheveux bleus dirigeant la première réunion stratégique ?Diavel
16%
55Quel est le délai maximal pour réssuciter un joueur avec l'item de résurrection ?10 secondes
15%
134Quelle âge a-t-elle après avoir terminé le jeu ?17 ans
14%
10Combien d'expérience est remportée par le joueur roux en vainquant son premier sanglier ?24
14%
129Quel est le prénom du personnage principal ?Kazuto
14%
51Comment s'appelle le boss mentionné dans la question 50 ?Nicolas l'Apostat
14%
107Comment s'appelle le personnage que les deux joueurs rencontrent dans le bois censés être hantés ?Yui
14%
131Quel âge a le personnage principal après avoir terminé le jeu ?16 ans
13%
70A quel niveau le joueur est-il à ce moment ?78
13%
130Quel est le nom du personnage principal ?Kirigaya
13%
38Quel objet le héros obient-il pour avoir vaincu le premier boss ?Manteau de Minuit
13%
66Comment s'appelle la joueuse rousse, alliée à des joueurs orange et rouges, qui attaque le joueur après avoir récupéré l'item de résurrection ?Rosalia
13%
30Quel personnage aux cheveux roux interromp la réunion stratégique pour accuser les bêta-testeurs ?Kibaô
12%
46Comment s'appelle la première guilde à atteindre le palier 28 ?Le Groupe des Conquérants
12%
52A quel niveau le joueur est-il lorsqu'il affronte le boss de la question précédente ?Niveau 70
12%
50A quel palier se trouve le boss censé octroyé au joueur l'ayant tué un objet permettant de ramener un joueur à la vie ?Palier 35
12%
86De quelle couleur est la boucle d'oreille que la joueuse porte lors de la première apparation de la joueuse forgeron ?Bleue
11%
59A quel palier trouve-t-on le lieu permettant de ressuciter les esprits familiers ?Palier 47
11%
101Quel est le nom de la compétence la plus puissante du héro, utilisable en possédant deux épées en même temps ?Starbust Stream
10%
133Quel est le nom de la femme du personnage principal ?Yûki
10%
89Quel est le nom de l'épée noire du personnage principal ?Elucidator
9%
102Quel est le pseudonyme du joueur à la tête de la guilde dans laquelle Asuna est le sous-chef ?Heathcliff
9%
75Comment sont appelés les PK (Player Killer) tuant pendant que la victime dort ?Les PK du sommeil
9%
96Combien de temps doivent attendre deux joueurs avant qu'un duel ne commence ?1 minute
8%
33Quel est le nom du premier boss de palier ?Illfang, le Roi Kobold
8%
105Dans quel item a été ajouté le paralysant qui a été fatal au joueur de la question 103, et presque fatal au héro ?Dans la fiole d'eau
6%
90Quel est le nom de l'épée bleue que fabrique la joueuse forgeron pour le héro ?Dark Repulser
6%
108A quel palier les deux joueurs ont-ils rencontré le personnage de la question précédente ?Palier 22
6%
106Dans quel palier se trouve la maison que la héro et sa petite-ami (la joueuse de la question 28) achètent ?Palier 22
6%
78A quel palier le joueur noir de peau de la question 31 tient-il une droguerie ?Palier 50
6%
117En vérité, quel "objet" la jeune fille de la question 107 est-elle ?Une IA
6%
121Combien de temps a duré la pause du héro et de sa femme ?2 semaines
5%
93Comment s'appelle le joueur garde-du-corps d'Asuna ?Kuradeel
5%
126Avec quelle arme le héro parvient-il à vaincre le joueur de la question 102 ?La Rapière d'Asuna
5%
115Quelle arme possède le monstre gardant le passage menant au bout du donjon dans lequel le joueur de la question 113 est retenu prisonnier ?Une faux
5%
92Quel objet de catégorie S (c'est-à-dire extrêmement rare) le héro demande-t-il à Asuna de cuisiner ?Un Ragoût de lapin
5%
116Quel est le nom du système gérant l'intégralité du jeu ?Cardinal
4%
40Quelle petite guilde demande au joueur de les rejoindre ?Chats Noirs au Clair de Lune
4%
118Quel item le joueur arrive-t-il à récupérer avant que le personnage de la question 107 ne disparaisse ?Coeur de Yui
4%
65Quel est le nom EXACT de l'objet permettant au dragon de la petite dresseuse de dragons de revenir à la vie ?Fleur de Pneuma
4%
79Quel joueur a forgé l'épée ayant servi à tuer le joueur de la question 77 ?Grimlock
4%
72De quelle guilde la joueuse de la question 28 est-elle le sous-chef ?La Guilde des Chevaliers
4%
81Quel est le nom de la guilde dans laquelle les joueurs des questions 76, 77 et 79 étaient rassemblés ?La Pomme d'Or
4%
94A quel palier se situe la chambre d'Asuna ?Palier 61
4%
43Comment s'appelle le joueur, membre de la guilde de la question 40, qui possède une masse ?Tetsuo
4%
76Après la mort d'un joueur, pendu à une fenêtre, une enquête est ouverte. Comment s'appelle la joueuse aux cheveux violets qui raconte ce qu'elle a vu ?Yoruko
4%
24Combien de joueurs sont morts le premier jour à cause d'un proche ayant retiré le casque ?213
3%
95Combien, au total, a couté la chambre d'Asuna ?4 000 000 cols
3%
135Quel studio s'animation est à l'origine de cet anime ?A-1 Pictures
3%
98Quel est le nom de la guilde dont le joueur roux est à la tête ?Fûrinkazan
3%
82Quelle était le nom du leader de la guilde de la question précédente ?Griselda
3%
42Comment s'appelle le joueur qui a demandé son niveau au joueur ?Keita
3%
35Quelle quête lui a rapporté l'objet de la question précédente ?La Contre-attaque de la Vache
3%
111Par qui cette institutrice était-elle attaquée ?L'Armée de Libération de l'Aincrad
3%
85Quelle guilde d'assassins attaque les joueurs des questions 76, 77 et 79 dans la forêt ?Laughin Coffin
3%
53Quelle guilde attaque le joueur et la guilde de son ami roux avant d'aller affronter le boss de la question 51 ?L'Union du Dragon Sacré
3%
97Comment s'appelle le boss du 74e palier ?The Gleam Eyes
3%
67De quelle guilde orange la joueuse de la question précédente est-elle le leader ?Titans Hand
3%
124Combien de joueurs sont morts contre le boss du 75e palier ?14
2%
109Combien de joueurs sont encore en vie lorsque les deux joueurs rencontrent le personnage de la question 108 ?6 000
2%
128Quelle entreprise a créé le jeu ?Argus
2%
104A quel niveau le héro est-il lorsqu'il se fait attaquer, avec le personage de la question précédente, par le personnage de la question 93 ?Niveau 96
2%
84A quel palier la joueuse de la question 82 est-elle enterrée ?Palier 19
2%
122A quel palier se trouve le quartier général de la guilde dans laquelle les deux joueurs sont inscrits ?Palier 55
2%
15De quelle sauce la pizza du joueur roux est-elle garnie ?Sauce Teriyaki mayonnaise
2%
123Quel est le nom du boss du palier 75 ?The Skull Reaper
2%
127Quelle est la date de la libération des joueurs ?11 Novembre 2024
1%
77Comment s'appelle la victime ?Caynz
1%
100Comment s'appelle le joueur, lieutenant-colonnel de la guilde de la question précédente, qui tente un assaut contre le boss du 74e palier ?Corbatz
1%
103Quel est le pseudonyme du joueur roux emmenant le héros et le joueur de la question 93 en entraînement avant de se faire assassiner par ce dernier ?Godfrey
1%
80Comment s'appelle cette épée ?Guilty Thorn
1%
99Quel est le nom de la guilde, dont les quartiers généraux se trouvent au premier palier, qui attaque naïvement le boss de la question 97 ?L'Armée de Libération de l'Aincrad
1%
125Comment s'appelle la dernière salle de boss, celle dans laquelle les joueurs étaient censés affronter le joueur de la question 102, afin de quitter le jeu ?Le Sanctuaire de la Jade Pourpre
1%
110Comment s'appelle l'institutrice que les joueurs rencontrent au palier 1 ?Madame Sasha
1%
91Quel métal a été utilisé afin de la créer ?Quartz
1%
83Quel joueur, désormais membre de l'Union des Dragons Sacrés, est un ancien membre de la guilde de la question 81 ?Schmitt
1%
113Comment s'appelle l'ami du personnage de la question précédente, celui ayant été piégé dans un donjon ?Thinker
1%
120Que reçoit le joueur après que sa femme ait vaincu le monstre vivant dans le lac ?Un Message de Heathcliff
1%
112Comment s'appelle la joueuse qui demande de l'aide aux deux joueurs afin de retrouver son ami piégé dans un donjon ?Yulier
1%
114Quel est le nom du donjon dans lequel est retenu prisonnier le joueur de la question précédente ?Château de Fer Noir
0%
119Comment s'appelle le joueur adepte de pêche que le joueur rencontre aux bords du lac ?Nishida
0%

Distribution des résultats

Percentile par nombre de réponses

% des personnes avec chaque résultat

Votre développement - résultats

Vous n’avez pas pris ce quiz